Normal view
MARC view
- मांडके श
Entry Personal Name
001 - CONTROL NUMBER
- control field: 216671
003 - CONTROL NUMBER IDENTIFIER
- control field: OSt
005 - DATE AND TIME OF LATEST TRANSACTION
- control field: 20260206162947.0
008 - FIXED-LENGTH DATA ELEMENTS
- fixed length control field: 260206|| aca||aabn | a|a d
040 ## - CATALOGING SOURCE
- Original cataloging agency: OSt
- Transcribing agency: OSt
100 ## - HEADING--PERSONAL NAME
- Personal name: मांडके श
670 ## - SOURCE DATA FOUND
- Source citation: Work cat.: (OSt)370176: मांडके श., शौर्यभास्कर नेताजी, 2011